00225nam a2200097Ia 4500100003200000654001200032245002900044260003400073300000800107546001200115 aHerstein/ I.N./ Winter/ D.  aAlgebra aPrimer on Linear Algebra bMacmillan pubaNew Yorkc1990 a563 aENGLISH